Oceňovanie družstevných podielnických listov

Družstevné podielnické listy sú špecifickým majetkovým cenným papierom. Ich vydanie bolo inšpirované snahou finančne sa vysporiadať s osobami, ktoré v minulosti vložili do družstva majetok, ale nestali sa jeho členmi. V súčasnosti tieto cenné papiere patria medzi špecifikum Slovenskej republiky a mô...

Full description

Saved in:
Bibliographic Details
Main Author: Majdúchová, Helena, 1963-
Other Authors: Štetka, Peter, 1986-
Format: Book Chapter
Language:Slovak
Subjects:
Tags: Add Tag
No Tags, Be the first to tag this record!

MARC

LEADER 00000naa$a2200000$$$4500
001 0289377
005 20240502074432.2
041 0 |a slo 
044 |a SK 
245 1 0 |a Oceňovanie družstevných podielnických listov  |c Helena Majdúchová, Peter Štetka 
520 |a Družstevné podielnické listy sú špecifickým majetkovým cenným papierom. Ich vydanie bolo inšpirované snahou finančne sa vysporiadať s osobami, ktoré v minulosti vložili do družstva majetok, ale nestali sa jeho členmi. V súčasnosti tieto cenné papiere patria medzi špecifikum Slovenskej republiky a môžeme sa s nimi stretnúť iba v podnikateľskom prostredí SR. Napriek tejto skutočnosti predstavujú stále osobitný právny a ekonomický problém. V prípade družstiev je súčasným trendom najmä ich zánik, resp. ich transformácie na obchodné spoločnosti. Vzhľadom na tieto skutočnosti vlastníkom podielnických listov určite vzniká množstvo otázok a najmä otázka, čo majú s družstevnými podielnickými listmi robiť. Predkladaný príspevok reflektuje na tieto problémy a to najmä v oblasti ich ocenenia. Znalecký ústav Ekonomická univerzita v Bratislave vypracoval metodiku ocenenia DPL, pričom jeho ambíciou bolo priblížiť výslednú hodnotu hodnote trhovej. V tomto článku uvádzame časť tejto metodiky zameranú na ocenenie aktívnych ziskových družstiev. 
610 2 0 |a listy podielové 
610 2 0 |a papiere cenné 
610 2 0 |a oceňovanie 
610 2 0 |a družstevníctvo 
610 2 0 |a družstvá 
100 1 |a Majdúchová, Helena, 1963- 
700 1 |a Štetka, Peter, 1986-